[Event "4th Isthmia Open 2014"]
[Site "Vrachati GRE"]
[Date "2014.08.22"]
[Round "6.1"]
[White "Papaioannou, Ioannis"]
[Black "Postny, Evgeny"]
[Result "1/2-1/2"]
[WhiteTitle "GM"]
[BlackTitle "GM"]
[WhiteElo "2641"]
[BlackElo "2651"]
[WhiteFideId "4201345"]
[BlackFideId "2804344"]
[EventDate "2014.08.18"]

1. d4 d5 2. Nf3 c6 3. c4 Nf6 4. e3 Bf5 5. Nc3 e6 6. Nh4 Be4 7. f3 Bg6 8. Qb3 Qb6
9. Nxg6 hxg6 10. Bd2 Nbd7 11. g3 Bd6 12. Kf2 Qc7 13. Kg2 O-O 14. cxd5 Nxd5 15.
e4 Nxc3 16. bxc3 c5 17. Be2 Rfc8 18. Rhc1 Qb6 19. Be3 Qxb3 20. axb3 Nb6 21. dxc5
Bxc5 22. Bd2 Rd8 23. Be1 g5 24. Rd1 Rxd1 25. Rxd1 Rc8 26. f4 gxf4 27. gxf4 Be7
28. Bf3 Rd8 29. Rd4 Kf8 30. Bf2 a5 31. Rxd8+ Bxd8 32. Bc5+ Ke8 33. Be2 Nd7 34.
Bb5 Bc7 35. Kf3 Kd8 36. Bf2 e5 37. f5 Bd6 38. h4 Ke7 39. h5 Nc5 40. Bxc5 1/2-1/2

[Event "4th Isthmia Open 2014"]
[Site "Vrachati GRE"]
[Date "2014.08.22"]
[Round "6.2"]
[White "Antic, Dejan"]
[Black "Banikas, Hristos"]
[Result "0-1"]
[WhiteTitle "GM"]
[BlackTitle "GM"]
[WhiteElo "2485"]
[BlackElo "2644"]
[WhiteFideId "901008"]
[BlackFideId "4202031"]
[EventDate "2014.08.18"]

1. d4 d6 2. e4 g6 3. Nc3 Bg7 4. f4 Nf6 5. Nf3 O-O 6. Be3 b6 7. Qd2 Bb7 8. e5 Ng4
9. O-O-O e6 10. Be2 dxe5 11. fxe5 c5 12. h3 Nxe3 13. Qxe3 Nc6 14. dxc5 Qb8 15.
Rd7 bxc5 16. Rhd1 Nd4 17. Ne4 Nf5 18. Qf4 Bc6 19. R7d2 Bxe4 20. Qxe4 Bh6 21. g4
Ng3 22. Qc4 Bxd2+ 23. Rxd2 Nxe2+ 24. Qxe2 Rd8 25. Qe3 Qb4 26. c3 Qc4 27. Ng5
Rxd2 28. Qxd2 h6 0-1

[Event "4th Isthmia Open 2014"]
[Site "Vrachati GRE"]
[Date "2014.08.22"]
[Round "6.3"]
[White "Drakoulakos, Grigorios"]
[Black "Nikolaidis, Ioannis"]
[Result "1/2-1/2"]
[BlackTitle "GM"]
[WhiteElo "2161"]
[BlackElo "2559"]
[WhiteFideId "4264541"]
[BlackFideId "4202139"]
[EventDate "2014.08.18"]

1. e4 c6 2. Nc3 d5 3. Nf3 Bg4 4. h3 Bxf3 5. Qxf3 e6 6. d4 Nf6 7. Bd3 dxe4 8.
Nxe4 Nxe4 9. Qxe4 Qd5 10. O-O Qxe4 11. Bxe4 Nd7 12. Bf4 Nf6 13. Bf3 Nd5 14. Bh2
O-O-O 15. Rfd1 Bd6 16. Bxd6 Rxd6 17. c3 Kc7 18. Kf1 Nb6 19. b3 Rhd8 20. Ke1 Nd5
21. Rac1 a5 22. Rc2 b5 23. Bxd5 cxd5 24. Kd2 Ra6 25. Rb1 Rb8 26. Rcb2 Rc6 27.
Kd3 Kd6 28. Rc2 f6 29. f4 h6 30. Rf1 a4 31. Rb2 Ra6 32. b4 Ke7 33. Re2 Kf7 34.
g4 Rc6 35. Kd2 Re8 36. h4 h5 37. g5 Rec8 38. Re3 Kg6 39. Rg1 Kf5 40. Rf3 R6c7
41. Rgg3 Rf7 42. Kd3 Rfc7 43. Kd2 a3 44. Ke2 Rc6 1/2-1/2

[Event "4th Isthmia Open 2014"]
[Site "Vrachati GRE"]
[Date "2014.08.22"]
[Round "6.4"]
[White "Maiorov, Nikita1"]
[Black "Kotronias, Vasilios"]
[Result "1/2-1/2"]
[WhiteTitle "GM"]
[BlackTitle "GM"]
[WhiteElo "2541"]
[BlackElo "2552"]
[WhiteFideId "13501720"]
[BlackFideId "5900212"]
[EventDate "2014.08.18"]

1. d4 Nf6 2. Nf3 g6 3. Bf4 Bg7 4. e3 O-O 5. h3 d6 6. Be2 Nbd7 7. O-O Ne4 8. Bh2
e5 9. Nbd2 Nxd2 10. Qxd2 Qe7 11. Rfd1 e4 12. Ne1 f5 13. c4 Nf6 14. Qa5 Rf7 15.
Nc2 g5 16. Qd2 h5 17. d5 Bh6 18. c5 Kh7 19. Nd4 f4 20. cxd6 cxd6 21. Rac1 fxe3
22. fxe3 g4 23. Nb5 Ne8 24. hxg4 a6 25. Nd4 Nf6 26. Rxc8 Rxc8 27. Nf5 Qc7 28.
Bxd6 Qc2 29. Nxh6 Kxh6 30. Bf4+ Kg6 31. gxh5+ Nxh5 32. Bxh5+ Kxh5 33. Qd4 Rg8
34. Rd2 Qc1+ 35. Rd1 Qc2 36. Rd2 Qc1+ 37. Kf2 Rfg7 38. g3 Kg4 39. Rd1 Qc2+ 40.
Rd2 Qc1 41. Rd1 Qc2+ 1/2-1/2

[Event "4th Isthmia Open 2014"]
[Site "Vrachati GRE"]
[Date "2014.08.22"]
[Round "6.5"]
[White "Tsolakidou, Stavroula"]
[Black "Delchev, Aleksander"]
[Result "1/2-1/2"]
[WhiteTitle "WFM"]
[BlackTitle "GM"]
[WhiteElo "2240"]
[BlackElo "2655"]
[WhiteFideId "4264312"]
[BlackFideId "2900394"]
[EventDate "2014.08.18"]

1. e4 c6 2. Nc3 d5 3. Nf3 dxe4 4. Nxe4 Nf6 5. Nxf6+ exf6 6. d4 Bd6 7. g3 O-O 8.
Bg2 Re8+ 9. Be3 Qb6 10. O-O Qxb2 11. c4 Na6 12. a3 Qc3 13. Qa4 Bc7 14. d5 Bd7
15. Rab1 Rxe3 16. fxe3 Nc5 17. Qb4 Qxe3+ 18. Kh1 Bb6 19. Rbe1 Qh6 20. Qd2 Qxd2
21. Nxd2 f5 22. h3 h5 23. Bf3 g6 24. Kg2 Rd8 25. Rb1 Na4 26. Rfc1 cxd5 27. cxd5
Be3 28. Rc2 b5 29. Nb3 f4 30. g4 hxg4 31. hxg4 Bb6 32. Nc1 Nc5 33. Ne2 Nd3 34.
Rc3 Ne5 35. Nxf4 Nxg4 36. Ne6 Ne3+ 37. Rxe3 Bxe6 38. Reb3 Bxd5 39. Bxd5 Rxd5 40.
Rxb5 Rd2+ 41. Kf1 Ra2 42. R1b3 Kg7 43. Rf3 Rd2 44. Re5 Rd6 45. Re7 Rf6 46. Rxf6
Kxf6 47. Rb7 g5 48. a4 Kg6 49. a5 Bxa5 50. Rxa7 Bc3 51. Rc7 Be5 52. Rc5 Kf5 53.
Kg2 Ke4 54. Rc1 Bd4 55. Re1+ Be3 56. Rf1 f5 57. Kg3 Bd2 58. Rd1 Bc3 59. Rc1 Be5+
60. Kg2 f4 61. Re1+ Kf5 62. Rb1 g4 63. Rb3 Ke4 64. Rb4+ Ke3 65. Rb5 f3+ 66. Kf1
Bd4 67. Rg5 Kf4 68. Rg6 g3 69. Rg8 Bf6 70. Rf8 Kf5 71. Kg1 Kg6 72. Rg8+ Bg7 73.
Kf1 Kh6 74. Rd8 Kh5 75. Rg8 Be5 76. Kg1 Kh4 77. Rg6 Bf4 78. Rg8 Bg5 79. Rh8+ Kg4
80. Rg8 Kh5 81. Kf1 Bf4 82. Rh8+ Kg6 83. Rg8+ Kf7 84. Rg4 Bd6 85. Rg5 Kf6 86.
Rg8 Kf5 87. Rg7 Kf4 88. Rf7+ Ke3 89. Rg7 Be5 90. Rg8 Ke4 91. Rg4+ Kf5 92. Rg8
Ke6 93. Rg6+ Kd5 1/2-1/2

[Event "4th Isthmia Open 2014"]
[Site "Vrachati GRE"]
[Date "2014.08.22"]
[Round "6.6"]
[White "Kharitonov, Alexandr"]
[Black "Kelires, Andreas"]
[Result "1/2-1/2"]
[WhiteTitle "GM"]
[WhiteElo "2559"]
[BlackElo "2216"]
[WhiteFideId "4135202"]
[BlackFideId "5900727"]
[EventDate "2014.08.18"]

1. d4 Nf6 2. c4 e6 3. Nc3 Bb4 4. Qc2 O-O 5. a3 Bxc3+ 6. Qxc3 Ne4 7. Qc2 f5 8. g3
b6 9. Bg2 Bb7 10. Be3 Qc8 11. f3 Nf6 12. Nh3 d6 13. O-O e5 14. d5 c6 15. dxc6
Nxc6 16. Rac1 h6 17. Nf2 Ne7 18. Bd2 Qe6 19. e4 fxe4 20. fxe4 Nc6 21. Be3 Rad8
22. Rfd1 Bc8 23. Rd2 Qf7 24. Qd1 h5 25. Rxd6 Nd4 26. Rxd8 Rxd8 27. Qf1 Ba6 28.
b4 Qg6 29. Rd1 h4 30. Bxd4 hxg3 31. Bxb6 Rxd1 32. Qxd1 gxh2+ 33. Kxh2 axb6 34.
b5 Bb7 35. Qd8+ Kh7 36. Qd3 Bc8 37. Bh3 Qh6 38. Qf3 Kg8 39. Kg2 Bb7 40. Be6+ Kf8
41. Bd5 Bc8 42. c5 bxc5 43. b6 Qg6+ 44. Kh2 Qh6+ 45. Kg2 Qg6+ 46. Kh2 Qh6+ 1/2-1/2

[Event "4th Isthmia Open 2014"]
[Site "Vrachati GRE"]
[Date "2014.08.22"]
[Round "6.7"]
[White "Halkias, Stelios"]
[Black "Zygouris, Hristos"]
[Result "1-0"]
[WhiteTitle "GM"]
[WhiteElo "2544"]
[BlackElo "2187"]
[WhiteFideId "4201809"]
[BlackFideId "4200292"]
[EventDate "2014.08.18"]

1. c4 e6 2. Nf3 d5 3. d4 Nf6 4. g3 dxc4 5. Bg2 Bb4+ 6. Nc3 Nbd7 7. a3 Bxc3+ 8.
bxc3 Rb8 9. a4 a6 10. a5 b5 11. axb6 cxb6 12. Bf4 Bb7 13. Bxb8 Qxb8 14. Qa4 O-O
15. Qxc4 Rc8 16. Qb3 Qc7 17. O-O Qxc3 18. Qxc3 Rxc3 19. Rfc1 Rxc1+ 20. Rxc1 Bxf3
21. Rc8+ Nf8 22. Bxf3 g6 23. Ra8 a5 24. Bc6 Kg7 25. Rb8 e5 26. dxe5 N6d7 27.
Bxd7 Nxd7 28. Rb7 Nxe5 29. Rxb6 1-0

[Event "4th Isthmia Open 2014"]
[Site "Vrachati GRE"]
[Date "2014.08.22"]
[Round "6.8"]
[White "Tepelenis, Nikolaos"]
[Black "Mastrovasilis, Athanasios"]
[Result "0-1"]
[BlackTitle "GM"]
[WhiteElo "2107"]
[BlackElo "2526"]
[WhiteFideId "4207599"]
[BlackFideId "4201990"]
[EventDate "2014.08.18"]

1. d4 Nf6 2. c4 e6 3. Nf3 d5 4. e3 c5 5. a3 cxd4 6. exd4 dxc4 7. Bxc4 Be7 8. O-O
O-O 9. Nc3 Nbd7 10. Bg5 Nb6 11. Ba2 Bd7 12. Ne5 Bc6 13. Nxc6 bxc6 14. Qd3 Qd7
15. Rfd1 Rfd8 16. Rac1 Rac8 17. Bb1 g6 18. Qf3 Nbd5 19. Ba2 Kg7 20. Nxd5 cxd5
21. Bb1 a5 22. Rxc8 Rxc8 23. Bd3 Qa4 24. Be3 Nd7 25. Qe2 Qb3 26. Rc1 Rxc1+ 27.
Bxc1 Bf6 28. Be3 Qb6 29. Bb5 Nf8 30. Qd3 g5 31. a4 Ng6 32. Qd2 Be7 33. g3 h6 34.
Qc2 Bd6 35. Qc6 Qxc6 36. Bxc6 Ne7 37. Bb5 Bb4 38. Kf1 Nf5 39. Ke2 f6 40. Bd3 Ne7
41. f4 Kf7 42. Kf3 Bd6 43. h4 gxh4 44. gxh4 h5 45. Bd2 Nc6 46. Ke3 Bc7 47. Bb5
Ne7 48. Bd3 Bb6 49. b4 e5 50. fxe5 fxe5 51. bxa5 Bxd4+ 52. Ke2 e4 53. Bb5 Ba7
54. Bg5 Nf5 55. Bd8 Nd4+ 56. Kd1 Ke6 57. Bb6 Nxb5 0-1

[Event "4th Isthmia Open 2014"]
[Site "Vrachati GRE"]
[Date "2014.08.22"]
[Round "6.9"]
[White "Malikentzos, Sotirios"]
[Black "Papadimitriou, Loukas"]
[Result "1-0"]
[WhiteTitle "FM"]
[WhiteElo "2380"]
[BlackElo "2089"]
[WhiteFideId "4215079"]
[BlackFideId "4204662"]
[EventDate "2014.08.18"]

1. Nf3 g6 2. c4 Bg7 3. Nc3 e5 4. d4 exd4 5. Nxd4 Nc6 6. Nxc6 bxc6 7. g3 Ne7 8.
Bg2 O-O 9. O-O d6 10. Bg5 Rb8 11. Qd2 f6 12. Be3 c5 13. Rad1 Be6 14. Qc1 Qc8 15.
b3 Nf5 16. Bd2 Rb6 17. e3 Ne7 18. Ne2 Ra6 19. Qb2 Bh3 20. Bc3 Bxg2 21. Kxg2 Qa8+
22. Kg1 g5 23. f3 d5 24. cxd5 Nxd5 25. Qd2 Rd6 26. e4 Nb4 27. Qe3 Nxa2 28. Qxc5
Nxc3 29. Nxc3 f5 30. Nd5 Qd8 31. Qxc7 Qxc7 32. Nxc7 Rb6 33. Nd5 Rb7 34. Rd3 fxe4
35. fxe4 Re8 36. Re1 a5 37. Kg2 Reb8 38. e5 Kf7 39. e6+ Ke8 40. Rc1 Be5 41. Re3
Bb2 42. Rc2 Bg7 43. e7 Ra8 1-0

[Event "4th Isthmia Open 2014"]
[Site "Vrachati GRE"]
[Date "2014.08.22"]
[Round "6.10"]
[White "Markidis, Konstantinos"]
[Black "Poulopoulos, Ioannis"]
[Result "1-0"]
[WhiteElo "2322"]
[BlackElo "2073"]
[WhiteFideId "4203500"]
[BlackFideId "4218078"]
[EventDate "2014.08.18"]

1. e4 c5 2. Nf3 d6 3. Bb5+ Nd7 4. O-O a6 5. Bd3 Ngf6 6. Re1 b5 7. c4 bxc4 8.
Bxc4 Nb6 9. Bb3 e5 10. d3 Be7 11. Nbd2 O-O 12. Nc4 Bg4 13. h3 Bh5 14. Bd2 Nxc4
15. Bxc4 Ne8 16. b4 cxb4 17. Bxb4 a5 18. Bd2 Nc7 19. Rb1 Ne6 20. Rb7 Nc5 21. Rb5
Bxf3 22. Qxf3 Bg5 23. Be3 Bxe3 24. fxe3 Rb8 25. Reb1 Rxb5 26. Rxb5 Qc7 27. Qf1
Na4 28. Qe1 Ra8 29. Qd2 g6 30. Qc2 Nc5 31. Qb1 Ra7 32. Rb8+ Kg7 33. Qb6 Na4 34.
Qb5 Nc5 35. Qe8 Nxe4 36. Qf8+ Kf6 37. dxe4 Qxc4 38. Qxd6+ Qe6 39. Qd8+ Kg7 40.
Qf8+ Kf6 41. Qd8+ Kg7 42. Qh8+ Kh6 43. Re8 Qd6 44. Qxe5 Qxe5 45. Rxe5 a4 46. Rd5
Kg7 47. Kh2 Kf6 48. Kg3 Ke6 49. Kf3 h5 50. h4 Ra6 51. a3 Ra7 52. Kf4 f6 53. Rb5
Ra6 54. e5 fxe5+ 55. Rxe5+ Kf6 56. Rd5 Rc6 57. Rd4 Ra6 58. e4 Ke6 59. e5 Ra5 60.
Rd6+ Kf7 61. Rd7+ Ke8 62. Rb7 Kf8 63. Ke4 Rc5 64. Rb4 Ra5 65. Kd4 Ke7 66. Rb6
Kf7 67. Rf6+ Kg7 68. Rf3 Kg8 69. e6 Ra7 70. Ke5 Kg7 71. Rd3 Ra5+ 72. Rd5 1-0

[Event "4th Isthmia Open 2014"]
[Site "Vrachati GRE"]
[Date "2014.08.22"]
[Round "6.11"]
[White "Kouvatsou, Maria"]
[Black "Vafiadis, Kleanthis"]
[Result "1/2-1/2"]
[WhiteTitle "WGM"]
[WhiteElo "2100"]
[BlackElo "2303"]
[WhiteFideId "4203593"]
[BlackFideId "4201850"]
[EventDate "2014.08.18"]

1. e4 e5 2. Nf3 Nc6 3. Bc4 Nf6 4. d3 Be7 5. c3 O-O 6. O-O Na5 7. Bb5 a6 8. Ba4
d5 9. Nxe5 dxe4 10. b4 Bd6 1/2-1/2

[Event "4th Isthmia Open 2014"]
[Site "Vrachati GRE"]
[Date "2014.08.22"]
[Round "6.12"]
[White "Bellos, Ioannis"]
[Black "Kourkoulos-Arditis, Stamatis"]
[Result "1-0"]
[BlackTitle "FM"]
[WhiteElo "2075"]
[BlackElo "2296"]
[WhiteFideId "4226445"]
[BlackFideId "4221990"]
[EventDate "2014.08.18"]

1. e4 c5 2. Nf3 e6 3. d4 cxd4 4. Nxd4 Nf6 5. Nc3 d6 6. Be3 Be7 7. g4 h5 8. gxh5
Rxh5 9. Be2 Rh7 10. Qd2 Nc6 11. O-O-O Nxd4 12. Bxd4 e5 13. Bb5+ Bd7 14. Bxd7+
Qxd7 15. Be3 Qc6 16. f3 O-O-O 17. Qd3 Qa6 18. Qxa6 bxa6 19. Bxa7 Rdh8 20. Rdg1
Ne8 21. Nd5 Bd8 22. Kd2 Rxh2+ 23. Rxh2 Rxh2+ 24. Kd3 g6 25. b4 Ng7 26. a4 Ne6
27. Be3 Kb7 28. b5 a5 29. Rb1 Bg5 30. Bxg5 Nxg5 31. Ne3 Ne6 32. Nc4 Nc5+ 33. Ke3
Nxa4 34. Nxd6+ Kb6 35. Nc4+ Kc5 36. Nxe5 Nc3 37. Ra1 Kxb5 38. Kd3 Kb4 39. Nc6+
Kc5 40. Nxa5 Ne2 41. Nb7+ Kb6 42. Nd6 f6 43. Ne8 f5 44. exf5 gxf5 45. Ng7 Ng3
46. Ne6 Re2 47. Nd4 Re8 48. c4 f4 49. Rb1+ Kc7 50. c5 Re3+ 51. Kc4 Ne2 52. Nb5+
Kc8 53. Rh1 Ng3 54. Rh8+ Kd7 55. Rh7+ Re7 56. c6+ Ke6 57. Rh6+ Ke5 58. c7 Re8
59. Nd6 1-0

[Event "4th Isthmia Open 2014"]
[Site "Vrachati GRE"]
[Date "2014.08.23"]
[Round "7.1"]
[White "Banikas, Hristos"]
[Black "Postny, Evgeny"]
[Result "1/2-1/2"]
[WhiteTitle "GM"]
[BlackTitle "GM"]
[WhiteElo "2644"]
[BlackElo "2651"]
[WhiteFideId "4202031"]
[BlackFideId "2804344"]
[EventDate "2014.08.18"]

1. d4 d5 2. c4 c6 3. Nc3 Nf6 4. e3 a6 5. Bd3 e6 6. Nf3 dxc4 7. Bxc4 b5 8. Bd3 c5
9. a4 b4 10. Ne4 Nbd7 11. O-O Bb7 12. Nxf6+ 1/2-1/2

[Event "4th Isthmia Open 2014"]
[Site "Vrachati GRE"]
[Date "2014.08.23"]
[Round "7.2"]
[White "Mastrovasilis, Athanasios"]
[Black "Papaioannou, Ioannis"]
[Result "1/2-1/2"]
[WhiteTitle "GM"]
[BlackTitle "GM"]
[WhiteElo "2526"]
[BlackElo "2641"]
[WhiteFideId "4201990"]
[BlackFideId "4201345"]
[EventDate "2014.08.18"]

1. d4 Nf6 2. Nf3 d5 3. c4 e6 4. Nc3 Be7 5. Bg5 O-O 6. e3 h6 7. Bh4 Ne4 8. Bxe7
Qxe7 9. Rc1 Nxc3 10. Rxc3 c6 11. Bd3 dxc4 12. Bxc4 Nd7 13. O-O e5 14. h3 e4 15.
Nd2 Nf6 16. Bb3 Be6 1/2-1/2

[Event "4th Isthmia Open 2014"]
[Site "Vrachati GRE"]
[Date "2014.08.23"]
[Round "7.3"]
[White "Nikolaidis, Ioannis"]
[Black "Malikentzos, Sotirios"]
[Result "1-0"]
[WhiteTitle "GM"]
[BlackTitle "FM"]
[WhiteElo "2559"]
[BlackElo "2380"]
[WhiteFideId "4202139"]
[BlackFideId "4215079"]
[EventDate "2014.08.18"]

1. e4 e5 2. Nf3 Nf6 3. Nxe5 d6 4. Nf3 Nxe4 5. d3 Nf6 6. d4 Be7 7. h3 Bf5 8. Bd3
Bxd3 9. Qxd3 O-O 10. O-O Re8 11. Qb3 Qc8 12. c4 Bf8 13. Nc3 Nc6 14. Bg5 Ne4 15.
Nxe4 Rxe4 16. d5 Nb8 17. Rfe1 Rxe1+ 18. Rxe1 Nd7 19. Be3 Nc5 20. Qc2 h6 21. Bd4
a5 22. Re3 Qd7 23. Bxc5 dxc5 24. Ne5 Qc8 25. Rf3 f6 26. Ng4 Qe8 27. Re3 Qf7 28.
Re6 h5 29. Nh2 g6 30. Nf3 Kg7 31. Qc3 Bd6 32. Ng5 Qf8 33. Ne4 Be5 34. Rxe5 fxe5
35. Qxe5+ Kh6 36. Qg5+ Kg7 37. Qe5+ Kh6 38. Qxc7 Re8 39. f3 b6 40. h4 Qe7 41.
Qxb6 Qxh4 42. Qxa5 Qf4 43. Qc3 h4 44. a4 g5 45. Qf6+ Qxf6 46. Nxf6 Ra8 47. b3
Rb8 48. d6 Kg6 49. Ne4 Rxb3 50. Nxc5 Rb1+ 51. Kh2 Kf7 52. Ne4 Ke6 53. c5 Kd7 54.
Nxg5 Kc6 55. Ne4 Ra1 56. Kh3 Rh1+ 57. Kg4 Rh2 58. a5 Rxg2+ 59. Kxh4 Ra2 60. Kg5
Rxa5 61. Kf6 Ra8 62. Ke7 Ra7+ 63. Ke6 Ra8 64. d7 Rd8 65. Nf6 Kxc5 66. Ke7 Ra8
67. d8=Q Rxd8 68. Kxd8 Kd6 69. Ng4 1-0

[Event "4th Isthmia Open 2014"]
[Site "Vrachati GRE"]
[Date "2014.08.23"]
[Round "7.4"]
[White "Kotronias, Vasilios"]
[Black "Markidis, Konstantinos"]
[Result "1-0"]
[WhiteTitle "GM"]
[WhiteElo "2552"]
[BlackElo "2322"]
[WhiteFideId "5900212"]
[BlackFideId "4203500"]
[EventDate "2014.08.18"]

1. e4 e6 2. d4 d5 3. Nd2 Be7 4. e5 c5 5. Qg4 Kf8 6. dxc5 Nc6 7. Ngf3 h5 8. Qg3
Nh6 9. Nb3 Nf5 10. Qf4 f6 11. h3 a5 12. a4 g5 13. Qh2 Kg7 14. Bd3 fxe5 15. Nxe5
Nxe5 16. Qxe5+ Bf6 17. Qe2 e5 18. c4 e4 19. Bc2 Nh4 20. O-O Bxh3 21. Nd4 Bxd4
22. gxh3 Nf3+ 23. Kg2 Nh4+ 24. Kh1 Nf3 25. Ra3 Rf8 26. Bxe4 dxe4 27. Qxe4 Qf6
28. Rb3 Rab8 29. Rd1 Bxc5 30. Rd7+ Rf7 31. Rxf7+ Qxf7 32. Rxf3 Qd7 33. Qe5+ 1-0

[Event "4th Isthmia Open 2014"]
[Site "Vrachati GRE"]
[Date "2014.08.23"]
[Round "7.5"]
[White "Halkias, Stelios"]
[Black "Drakoulakos, Grigorios"]
[Result "1/2-1/2"]
[WhiteTitle "GM"]
[WhiteElo "2544"]
[BlackElo "2161"]
[WhiteFideId "4201809"]
[BlackFideId "4264541"]
[EventDate "2014.08.18"]

1. Nf3 Nf6 2. d4 e6 3. e3 c5 4. Bd3 Be7 5. O-O O-O 6. c4 cxd4 7. exd4 d5 8. b3
b6 9. Bb2 Bb7 10. Qe2 Nbd7 11. Nc3 Rc8 12. Rad1 Re8 13. Ne5 Bf8 14. Kh1 g6 15.
f4 dxc4 16. bxc4 Nh5 17. Qf2 Ndf6 18. Be2 Bb4 19. Bxh5 Nxh5 20. d5 Qe7 21. Nb5
exd5 22. Nxa7 Rxc4 23. Nxc4 dxc4 24. Nb5 Qe4 25. Nc7 Bc5 26. Bd4 Rc8 27. Bxc5
bxc5 28. Rfe1 1/2-1/2

[Event "4th Isthmia Open 2014"]
[Site "Vrachati GRE"]
[Date "2014.08.23"]
[Round "7.6"]
[White "Bellos, Ioannis"]
[Black "Maiorov, Nikita1"]
[Result "0-1"]
[BlackTitle "GM"]
[WhiteElo "2075"]
[BlackElo "2541"]
[WhiteFideId "4226445"]
[BlackFideId "13501720"]
[EventDate "2014.08.18"]

1. e4 e5 2. Nf3 Nc6 3. Bb5 a6 4. Ba4 Nf6 5. d4 exd4 6. O-O Be7 7. e5 Ne4 8. Nxd4
O-O 9. Nf5 Nc5 10. Qg4 g6 11. Nxe7+ Qxe7 12. Bxc6 dxc6 13. Qg3 Re8 14. Re1 Bf5
15. Nc3 Ne6 16. Ne4 Bxe4 17. Rxe4 Qc5 18. c3 Qb5 19. c4 Rad8 20. Qf3 Qb4 21. a3
Qe7 22. h4 Rd4 23. Be3 Rd3 24. Qe2 Red8 25. g3 Qd7 26. Kg2 c5 27. Re1 Qc6 28.
Bg5 Nxg5 29. hxg5 Rd2 30. Qf3 Rxb2 31. Qf6 Rdd2 32. Qxc6 Rxf2+ 33. Kh3 bxc6 34.
e6 Rh2+ 35. Kg4 h5+ 36. Kf4 Rhf2+ 37. Ke3 Kf8 38. exf7 Rxf7 39. Rd1 Rb3+ 40. Ke2
Rxg3 41. Rd8+ Kg7 42. Re5 h4 43. Re4 Rg2+ 44. Ke3 Rxg5 45. Rxh4 Rg3+ 46. Ke4
Rxa3 47. Rdh8 Rc3 48. R8h7+ Kf8 49. Rxf7+ Kxf7 50. Ke5 Re3+ 51. Kf4 Re7 52. Rh8
Ke6 53. Ra8 Rd7 54. Rxa6 Rd4+ 55. Ke3 Rxc4 56. Rxc6+ Kf5 57. Rxc7 g5 58. Kd3
Rd4+ 59. Ke3 Rd5 60. Kf3 g4+ 61. Ke3 Re5+ 62. Kf2 Kf4 63. Rf7+ Rf5 64. Re7 c4
65. Re8 g3+ 66. Kg2 Rc5 0-1

[Event "4th Isthmia Open 2014"]
[Site "Vrachati GRE"]
[Date "2014.08.23"]
[Round "7.7"]
[White "Delchev, Aleksander"]
[Black "Stathopoulos, Ioannis"]
[Result "1/2-1/2"]
[WhiteTitle "GM"]
[BlackTitle "FM"]
[WhiteElo "2655"]
[BlackElo "2271"]
[WhiteFideId "2900394"]
[BlackFideId "4223098"]
[EventDate "2014.08.18"]

1. d4 Nf6 2. c4 e6 3. Nf3 b6 4. g3 Ba6 5. Qa4 Bb7 6. Bg2 c5 7. dxc5 bxc5 8. O-O
Be7 9. Nc3 O-O 10. Rd1 Qb6 11. Bf4 Rd8 12. Rd2 d6 13. Rad1 h6 14. Qb3 Ne8 15. e4
g5 16. Be3 Nc6 17. h4 Qxb3 18. axb3 Na5 19. Rd3 Nxb3 20. Nd5 exd5 21. Rxb3 Bc6
22. Ra3 dxe4 23. Nd2 f5 24. hxg5 hxg5 25. Rda1 Rd7 26. f3 Bf6 27. R1a2 exf3 28.
Nxf3 Rg7 29. Ra6 Be4 30. Nd2 Bxg2 31. Kxg2 Rb7 32. b3 Be7 33. Bf2 Nc7 34. R6a3
a6 35. Nf1 Rab8 36. Ne3 f4 37. gxf4 gxf4 38. Nf5 Bf8 39. Rd2 Rxb3 40. Rxb3 Rxb3
41. Nxd6 Ne6 42. Ne4 Rb4 1/2-1/2

[Event "4th Isthmia Open 2014"]
[Site "Vrachati GRE"]
[Date "2014.08.23"]
[Round "7.8"]
[White "Papadopoulos, Georgios3"]
[Black "Kharitonov, Alexandr"]
[Result "0-1"]
[BlackTitle "GM"]
[WhiteElo "2061"]
[BlackElo "2559"]
[WhiteFideId "4210271"]
[BlackFideId "4135202"]
[EventDate "2014.08.18"]

1. d4 Nf6 2. c4 e6 3. Nf3 Bb4+ 4. Bd2 Qe7 5. g3 Bxd2+ 6. Qxd2 Nc6 7. Nc3 d5 8.
cxd5 exd5 9. Bg2 O-O 10. O-O Re8 11. Ne1 Bf5 12. e3 Ne4 13. Nxe4 dxe4 14. Rc1
Rad8 15. Qc3 Qe6 16. a3 a6 17. Nc2 Rd6 18. Na1 Bh3 19. Qb3 Qc8 20. f3 Bxg2 21.
Kxg2 exf3+ 22. Rxf3 Nd8 23. Rcf1 Qd7 24. Nc2 Rb6 25. Qc3 f6 26. Nb4 Nf7 27. h4
Rbe6 28. Re1 Nd6 29. Nd3 Ne4 30. Nc5 Nxc3 31. Nxd7 Ne4 32. Nc5 Nxc5 33. dxc5 Rd8
34. Rf2 Re5 35. Rc2 Rdd5 36. c6 b6 37. Kf3 Kf7 38. Ke2 Ke6 39. b4 Re4 40. Rec1
a5 41. Rb2 Kf5 42. bxa5 Rxa5 43. Kf3 Ree5 44. Rc3 Rec5 45. Rbc2 Rxc3 46. Rxc3
Ke6 47. g4 Kd6 48. h5 Rc5 49. Rd3+ Kxc6 50. Rd8 h6 51. a4 Re5 52. Rg8 Re7 53.
Kf4 Kb7 54. e4 c5 55. Ke3 Rd7 0-1

[Event "4th Isthmia Open 2014"]
[Site "Vrachati GRE"]
[Date "2014.08.23"]
[Round "7.9"]
[White "Vafiadis, Kleanthis"]
[Black "Rychagov, Andrey"]
[Result "0-1"]
[BlackTitle "GM"]
[WhiteElo "2303"]
[BlackElo "2544"]
[WhiteFideId "4201850"]
[BlackFideId "4119932"]
[EventDate "2014.08.18"]

1. Nf3 g6 2. e4 c5 3. d4 cxd4 4. Qxd4 Nf6 5. e5 Nc6 6. Qa4 Nd5 7. Qe4 Ndb4 8.
Bb5 Qa5 9. Nc3 d5 10. exd6 Bf5 11. Qe5 Nxc2+ 12. Ke2 O-O-O 13. Qxh8 Nxa1 14. Rd1
exd6 15. Bg5 Be7 16. Qxh7 Bxg5 17. Nxg5 Nc2 18. Kf1 Ne5 19. Be2 d5 20. Nxf7 Nxf7
21. Qxf7 d4 22. Nb5 d3 23. Qc4+ Kb8 24. Qf4+ Kc8 25. Nd6+ Rxd6 26. Qxd6 Ne3+ 27.
fxe3 dxe2+ 28. Kxe2 Bg4+ 29. Kf2 Bxd1 30. Qxd1 Qxa2 31. Qc2+ Kb8 32. e4 a5 33.
Qd2 Qf7+ 34. Kg3 Qc7+ 35. Kg4 a4 36. g3 b5 37. Qd5 Qc4 38. Qd6+ Kb7 39. Qxg6
Qe2+ 40. Kf5 Qf2+ 41. Kg4 Qxb2 42. Qf7+ Kb6 43. Qd7 a3 44. Qd8+ Kc5 45. Qd5+ Kb4
46. Qd6+ Kb3 47. Qd1+ Qc2 48. Qd5+ Kb4 49. Qd4+ Qc4 50. Qd6+ Qc5 51. Qd2+ Qc3
52. Qd6+ Ka4 53. Qd1+ Qb3 54. Qd4+ Qc4 55. Qd1+ Kb4 56. Qd6+ Kb3 57. Qd1+ Qc2
58. Qd5+ Ka4 59. Qd4+ b4 60. Qd7+ Kb3 61. Qf7+ Kb2 62. Qf6+ Kb1 63. Qf1+ Ka2 64.
Qf7+ b3 65. h4 Qd1+ 66. Kg5 Kb1 67. e5 a2 0-1

[Event "4th Isthmia Open 2014"]
[Site "Vrachati GRE"]
[Date "2014.08.23"]
[Round "7.10"]
[White "Kelires, Andreas"]
[Black "Antic, Dejan"]
[Result "0-1"]
[BlackTitle "GM"]
[WhiteElo "2216"]
[BlackElo "2485"]
[WhiteFideId "5900727"]
[BlackFideId "901008"]
[EventDate "2014.08.18"]

1. d4 d5 2. c4 e6 3. Nf3 Bb4+ 4. Nbd2 dxc4 5. Qc2 b5 6. a4 c6 7. e3 Qb6 8. b3
cxb3 9. Qxb3 a5 10. Ne5 Nf6 11. Nd3 Bxd2+ 12. Bxd2 b4 13. Ne5 Nbd7 14. Nc4 Qc7
15. Bd3 O-O 16. Rc1 c5 17. O-O Bb7 18. Qb1 cxd4 19. exd4 Qc6 20. f3 Qd5 21. Qb2
Ba6 22. Bf4 Rfc8 23. Ne3 Qb7 24. Qe2 Bxd3 25. Qxd3 Nd5 26. Nxd5 Qxd5 27. Be3 h6
28. Rfd1 Nb6 29. Rxc8+ Rxc8 30. Qa6 Rc6 31. Qb5 Qxb5 32. axb5 Rc3 33. Bf2 Nd5
34. Ra1 a4 35. Be1 Ra3 36. Rb1 Rb3 0-1